David Cross Filmography - Statistics

General Stats
  • This quiz has been taken 23 times
    8 since last reset
  • The average score is 23 of 174
Answer Stats
Type Year Name % Correct
Film 2007 Alvin and the Chipmunks
100%
Film 2011 Alvin and the Chipmunks: Chipwrecked
100%
Film 2006 She's the Man
83%
Film 2009 Alvin and the Chipmunks: The Squeakquel
67%
Film 2004 Eternal Sunshine of the Spotless Mind
50%
Film 2008 Kung Fu Panda
50%
Film 2016 Kung Fu Panda 3
50%
Film 2010 Megamind
50%
Film 1997 Men in Black
50%
Film 2002 Men in Black II
50%
Film 2017 The Post
50%
TV Show 2003-2006, 2014, 2018-2019 Arrested Development
33%
Film 2007 Battle for Terra
33%
Film 2000 Chain of Fools
33%
Film | Video Game 2006 Curious George
33%
Film 2001 Dr. Dolittle 2
33%
Film 2008 Futurama: The Beast with a Billion Backs
33%
Film 2001 Ghost World
33%
Film 2007 I'm Not There
33%
Film 2013 Kill Your Darlings
33%
Film 2011 Kung Fu Panda 2
33%
Film 2003 Melvin Goes to Dinner
33%
TV Show 2011, 2012 Modern Family
33%
Film 2002 Run Ronnie Run
33%
Film 2006 School for Scoundrels
33%
Film 1998 Small Soldiers
33%
Film 2018 Sorry to Bother You
33%
Film 2007 The Grand
33%
Film 1998 The Thin Pink Line
33%
Film 2009 Year One
33%
Film 2021 8-Bit Christmas
17%
Film 2008 A Bad Situationist
17%
TV Film 1995 A Bucket of Blood
17%
TV Show 2002, 2003, 2008 Aqua Teen Hunger Force
17%
TV Show 2011, 2018 Archer
17%
TV Mini-Series 2015 Asylum
17%
Film 1999 Can't Stop Dancing
17%
TV Show 2014 Community
17%
TV Show 2003, 2004 Crank Yankers
17%
Film 2007 Crashing
17%
Film 2011 Demoted
17%
Film 1995 Destiny Turns on the Radio
17%
TV Show 1998, 1999 Disney's Hercules: The Animated Series
17%
TV Show 2014 Drunk History
17%
TV Show 2006 Family Guy
17%
Music Video 2011 Fight for Your Right Revisited
17%
Film 2016 Folk Hero & Funny Guy
17%
Video Game 2004 Grand Theft Auto: San Andreas
17%
Video Game 2004 Halo 2
17%
Director 2014 Hits
17%
Film 2012 It's a Disaster
17%
TV Show 2003 King of the Hill
17%
TV Short 2010 Kung Fu Panda Holiday
17%
Short Film 2008 Kung Fu Panda: Secrets of the Furious Five
17%
Short Film 2016 Kung Fu Panda: Secrets of the Scroll
17%
TV Show 2007 Law & Order: Criminal Intent
17%
Film 2002 Life Without Dick
17%
Music Video 2011 Make Some Noise
17%
Film 2002 Martin & Orloff
17%
Short Film 2011 Megamid: The Button of Doom
17%
TV Show 1995-1998 Mr. Show with Bob and David
17%
Film 2018 Next Gen
17%
Film 2014 Obvious Child
17%
Film 2025 Oh, Hi!
17%
TV Show 2017 Pig Goat Banana Cricket
17%
TV Mini-Series 2004 Pilot Season
17%
Film 2001 Pootie Tang
17%
TV Show 2014 Rick and Morty
17%
Film 2001 Scary Movie 2
17%
TV Show 1997 Tenacious D
17%
TV Show 1993 The Ben Stiller Show
17%
Film 1996 The Cable Guy
17%
Film 2020 The Dark Divide
17%
TV Show 1996, 1997 The Drew Carey Show
17%
Film 2010 The Legend of Secret Pass
17%
Film 1985 The Slugger's Wife
17%
Film 2008 The Toe Tactic
17%
Film 1996 The Truth About Cats & Dogs
17%
Web Series 2024 The Umbrella Academy
17%
TV Show 2015, 2016 TripTank
17%
Film 1996 Waiting for Guffman
17%
Web Series 2015 W/Bob and David
17%
TV Show 2021 What We Do in the Shadows
17%
Film 1997 Who's the Caboose?
17%
Film 2023 You Hurt My Feelings
17%
Short Film 2006 A Day in the Life of Nathaniel Hornblower
0%
TV Pilot 2001 Ain't It Cool News
0%
Theater 2025 All In: Comedy About Love
0%
TV Film 1994 Amelia Earhart: The Final Flight
0%
TV Show 1992, 1994 An Evening at the Improv
0%
Web Series 2018 Ask the StoryBots
0%
Web Series 2019, 2020 Big Mouth
0%
Director 2018 Bliss
0%
TV Pilot 2004 Channel Surfing
0%
TV Show 2005 Cheap Seats: Without Ron Parker
0%
TV Show 2007 Clark and Michael
0%
TV Show 2012, 2013 Comedy Bang! Bang!
0%
TV Show 2009 Comedy Showcase
0%
Stand-Up Special 2010 David Cross: Bigger & Blackerer
0%
Stand-Up Special 2022 David Cross: I'm from the Future
0%
Stand-Up Special 2003 David Cross: Let America Laugh
0%
Stand-Up Special 2016 David Cross: Making America Great Again
0%
Stand-Up Special 2019 David Cross: Oh Come On
0%
Stand-Up Special 1999 David Cross: The Pride Is Back
0%
Stand-Up Special 2024 David Cross: The Worst Daddy in the World
0%
TV Pilot 2008 David's Situation
0%
TV Pilot 2014 Dead Boss
0%
Short Film 2023 Deal of a Lifetime
0%
TV Show 1997, 1998 Dr. Katz, Professional Therapist
0%
Short Film 2012 First Look: The Ultimate Teaser Trailer
0%
TV Show 2006 Freak Show
0%
TV Show 2021 Genius
0%
Web Series 2019 Golden Revenge
0%
Web Series 2018-2019 Goliath
0%
Video Game 2013 Grand Theft Auto V
0%
TV Show 1996 HBO Comedy Half-Hour
0%
TV Show 2001 Home Movies
0%
TV Show 2008 Human Giant
0%
TV Pilot 2007 I'm in Hell
0%
TV Show 2009 Important Things with Demetri Martin
0%
TV Show 2022 Impractical Jokers
0%
TV Show 1994 Jocks
0%
Music Video 2005 Juicebox
0%
TV Mini-Series 2023 Justified: City Primeval
0%
TV Show 1999, 2000, 2003 Just Shoot Me!
0%
Film TBA Kissinger Takes Paris
0%
TV Show 2023 Krapopolis
0%
Film 2024 Kung Fu Panda 4
0%
TV Show 2014 Maron
0%
TV Show 2012 Mary Shelley's Frankenstein
0%
Short Film 2009 Meltdown
0%
Commercial 2017 M&M's
0%
TV Show 1996, 1998 NewsRadio
0%
TV Short 2001 Night of the Living Doo
0%
TV Show 2007 Odd Job Jack
0%
TV Show 2006 Off-Centre Television
0%
TV Show 2006 O'Grady
0%
TV Show 2003-2004 Oliver Beene
0%
Short Film 2001 One Day...
0%
Film 2020 Our Popcorn Movie Dystopia - Some More News: The Movie
0%
TV Show 2010-2011 Running Wilde
0%
TV Show 2011 Soul Quest Overdrive
0%
TV Show 1997 Space Ghost Coast to Coast
0%
Web Mini-Series 2021 Station Eleven
0%
TV Show 2000 Strangers with Candy
0%
Music Video 1997 Sugarcube
0%
Podcast 2022 Summer in Argyle
0%
Theater 2025 Tartuffe
0%
TV Show 2021, 2023 Teenage Euthanasia
0%
Award Show 2006 The 16th Annual Gotham Awards
0%
Theater 2006 The 24 Hour Plays 2006
0%
Theater 2007 The 24 Hour Plays 2007
0%
Theater 2008 The 24 Hour Plays 2008
0%
Theater 2009 The 24 Hour Plays 2009
0%
TV Show 2005-2007 The Colbert Report
0%
TV Special 2003 The Commies
0%
Short Film 2013 The Gynotician
0%
TV Show 2013-2014 The Heart, She Holler
0%
TV Show 2013 The High Fructose Adventures of Annoying Orange
0%
TV Show 2009-2016 The Increasingly Poor Decisions of Todd Margaret
0%
Podcast 2022 The Rubber Room
0%
TV Show 2018 The Shivering Truth
0%
TV Show 2010 The Soup
0%
TV Pilot 1995 The TV Wheel
0%
TV Show 2007, 2008, 2010 Tim and Eric Awesome Show, Great Job!
0%
TV Show 2005 Tom Goes to the Mayor
0%
Short Film 2003 Tom Goes to the Mayor Returns
0%
TV Show 2012, 2013 UCB Comedy Originals
0%
Film TBA Unbearable Christmas
0%
Web Series 2016-2017 Unbreakable Kimmy Schmidt
0%
Music Video 1997 Watery Hands
0%
TV Show 2016 We Bare Bears
0%
TV Show 2006 Wonder Showzen
0%
No matching quizzes found
Score Distribution
Percent of People with Each Score
Percentile by Number Answered
Your Score History
You have not taken this quiz since the last reset